[Event "98th YMCA Autumn C"]
[Site "Warszawa"]
[Date "2011.10.03"]
[Round "1"]
[White "Sawicki, Wojciech"]
[Black "Worobiej, Daniel"]
[Result "0-1"]
[WhiteElo "1759"]
[BlackElo "1800"]
[PlyCount "74"]
[EventDate "2011.09.20"]
[EventType "tourn"]
[EventRounds "1"]
[EventCountry "POL"]
[SourceDate "2011.09.20"]

1. e4 c5 2. d4 cxd4 3. c3 dxc3 4. Nxc3 Nc6 5. Nf3 d6 6. Bc4 a6 7. O-O Nf6 8.
Qe2 Bg4 9. Rd1 Qc7 10. Bf4 e5 11. Be3 Be7 12. Rac1 Qb8 13. a3 O-O 14. h3 Be6
15. Bxe6 fxe6 16. Qc4 Qc8 17. Ng5 Nd4 18. Qa2 Ne8 19. Nd5 Qd8 20. Nxe7+ Qxe7
21. Bxd4 Qxg5 22. Qxe6+ Kh8 23. Be3 Qd8 24. Rc3 Nc7 25. Qb3 Nb5 26. Rcd3 Qh4
27. f3 Rac8 28. a4 Rxf3 29. axb5 Rxh3 30. Kf1 Rf8+ 31. Ke2 Qxe4 32. Qd5 Qg4+
33. Kd2 Rg3 34. Qxd6 Rxg2+ 35. Kc1 Rg8 36. bxa6 Qa4 37. Ra3 Qc2# 0-1

[Event "98th YMCA Autumn C"]
[Site "Warszawa"]
[Date "2011.10.05"]
[Round "1"]
[White "Prus, Marek"]
[Black "Palka, Dominika"]
[Result "1/2-1/2"]
[WhiteElo "1782"]
[BlackElo "1793"]
[Annotator "M"]
[PlyCount "26"]
[EventDate "2011.09.20"]
[EventType "tourn"]
[EventRounds "1"]
[EventCountry "POL"]
[SourceDate "2011.09.20"]

1. e4 e5 2. Nf3 Nc6 3. Bb5 a6 4. Ba4 g6 5. O-O Bg7 6. c3 Nge7 7. d4 b5 8. Bb3
O-O 9. Re1 Re8 10. Ng5 Rf8 11. Nf3 Re8 12. Ng5 Rf8 13. Nf3 Re8 $11 1/2-1/2

[Event "98th YMCA Autumn C"]
[Site "Warszawa"]
[Date "2011.09.20"]
[Round "1"]
[White "Wrabel, Antoni"]
[Black "Krzyzanowski, Antoni"]
[Result "0-1"]
[WhiteElo "1717"]
[BlackElo "1743"]
[PlyCount "74"]
[EventDate "2011.09.20"]
[EventType "tourn"]
[EventRounds "1"]
[EventCountry "POL"]
[SourceDate "2011.09.20"]

1. e4 c5 2. Nf3 d6 3. d4 cxd4 4. Qxd4 Nc6 5. Qe3 Nf6 6. h3 g6 7. Bc4 Bg7 8. O-O
O-O 9. Nc3 Na5 10. Be2 a6 11. e5 dxe5 12. Nxe5 Nd5 13. Nxd5 Qxd5 14. Nf3 Nc4
15. Qb3 b5 16. Rd1 Qc6 17. Nd4 Qc7 18. Be3 e5 19. Nf3 Bb7 20. a4 Nxe3 21. Qxe3
bxa4 22. Rxa4 Qxc2 23. Rb4 Rab8 24. Rc1 Qf5 25. g4 Qd7 26. Ra1 Bxf3 27. Rxb8
Rxb8 28. Bxf3 Rxb2 29. Rxa6 Qd4 30. Qe1 Bf8 31. Ra8 Kg7 32. Re8 f6 33. Rc8 Bd6
34. Be4 Bc5 35. Rc7+ Kf8 36. Rxh7 Rxf2 37. Kh1 Re2 0-1

[Event "98th YMCA Autumn C"]
[Site "Warszawa"]
[Date "2011.09.20"]
[Round "1"]
[White "Szukalski, Antoni"]
[Black "Chomczyk, Marek"]
[Result "1-0"]
[WhiteElo "1846"]
[BlackElo "1727"]
[PlyCount "133"]
[EventDate "2011.09.20"]
[EventType "tourn"]
[EventRounds "1"]
[EventCountry "POL"]
[SourceDate "2011.09.20"]

1. e4 e5 2. Nf3 Nc6 3. Bb5 a6 4. Ba4 d6 5. h3 Nf6 6. d3 Be7 7. O-O O-O 8. c3
Re8 9. Re1 Bf8 10. Bg5 g6 11. Nbd2 Bg7 12. Nf1 b5 13. Bb3 Na5 14. Bc2 c5 15. a4
Rb8 16. Ne3 b4 17. cxb4 Rxb4 18. b3 Be6 19. Nc4 Bxc4 20. dxc4 Nc6 21. Qd3 Rb6
22. Bd2 Nb4 23. Bxb4 Rxb4 24. Rad1 Bf8 25. Nd2 Qd7 26. Nf1 Bh6 27. Qxd6 Qxd6
28. Rxd6 Re6 29. Rxe6 fxe6 30. Rd1 Rb6 31. Nh2 Nh5 32. g3 Bg7 33. Nf3 Bf6 34.
Kf1 Ng7 35. Ke2 Ne8 36. Rd7 h6 37. Nh2 h5 38. Nf3 Kf8 39. Ne1 Rc6 40. f3 Rd6
41. Rxd6 Nxd6 42. Nd3 Nb7 43. b4 Ke7 44. b5 a5 45. Ne1 Kd6 46. Ng2 Nd8 47. Bd1
Nf7 48. Ne1 Ng5 49. h4 Nf7 50. Nd3 Nd8 51. Nc1 Nb7 52. Kf2 Kc7 53. Nd3 Kb6 54.
f4 exf4 55. Nxf4 Nd6 56. Kf3 Nxc4 57. Nxe6 Ne5+ 58. Ke3 Nc4+ 59. Kd3 Nb2+ 60.
Ke2 Be5 61. Nf4 Bxf4 62. gxf4 Nc4 63. Bc2 Na3 64. Kd3 c4+ 65. Kc3 Kc5 66. e5 g5
67. fxg5 1-0

[Event "98th YMCA Autumn C"]
[Site "Warszawa"]
[Date "2011.09.20"]
[Round "1"]
[White "Szelejewski, Jan"]
[Black "Kwiek, Janusz"]
[Result "1-0"]
[WhiteElo "1826"]
[BlackElo "1750"]
[PlyCount "103"]
[EventDate "2011.09.20"]
[EventType "tourn"]
[EventRounds "1"]
[EventCountry "POL"]
[SourceDate "2011.09.20"]

1. e4 c5 2. Nf3 Nc6 3. d4 cxd4 4. Nxd4 e5 5. Nb5 d6 6. N1c3 a6 7. Na3 b5 8. Nd5
Nf6 9. c4 b4 10. Nxf6+ Qxf6 11. Nc2 Bd7 12. Be3 Be7 13. Be2 Qg6 14. Qd5 O-O 15.
h4 Qe6 16. O-O-O a5 17. c5 Qxd5 18. Rxd5 Be6 19. cxd6 Bf6 20. Rc5 Nd4 21. Bxd4
exd4 22. e5 Bd8 23. Nxd4 Bxa2 24. Rc2 Bb6 25. Rd1 Rfc8 26. Bg4 Rxc2+ 27. Kxc2
Bd5 28. g3 Be4+ 29. Kb3 Kf8 30. Kc4 Ke8 31. f3 Bb7 32. Kb5 Bd8 33. Nc6 Bxc6+
34. Kxc6 Rb8 35. Bd7+ Kf8 36. f4 g6 37. g4 h5 38. gxh5 gxh5 39. f5 a4 40. Re1
a3 41. bxa3 b3 42. Rb1 b2 43. e6 fxe6 44. fxe6 Bxh4 45. e7+ Kf7 46. Rxb2 Rxb2
47. e8=Q+ Kg7 48. Qe5+ Bf6 49. Qxh5 Rc2+ 50. Kd5 Rd2+ 51. Ke6 Bc3 52. Qg4+ 1-0

[Event "98th YMCA Autumn C"]
[Site "Warszawa"]
[Date "2011.09.28"]
[Round "1"]
[White "Maciejewski, Andrzej"]
[Black "Koziol, Pawel"]
[Result "0-1"]
[WhiteElo "1772"]
[BlackElo "1809"]
[Annotator "M"]
[PlyCount "136"]
[EventDate "2011.09.20"]
[EventType "tourn"]
[EventRounds "1"]
[EventCountry "POL"]
[SourceDate "2011.09.20"]

1. e4 e5 2. Nf3 Nc6 3. Bb5 a6 4. Ba4 Nf6 5. O-O Be7 6. Re1 b5 7. Bb3 d6 8. c3
O-O 9. d3 Na5 10. Bc2 c5 11. Nbd2 Re8 12. Nf1 Bf8 13. d4 Qc7 14. Ng3 Nc6 15.
dxe5 dxe5 16. Bg5 Nd7 17. Qe2 Nb6 18. Nh4 f6 19. Be3 Nc4 20. Bb3 N6a5 21. Ngf5
Nxb3 22. axb3 Nxe3 23. Nxe3 Be6 24. c4 Qb7 25. Qc2 Rab8 26. Re2 Red8 27. Nd5
Rd7 28. Rd1 Rf7 29. Qc3 bxc4 30. bxc4 Qb3 31. Ra1 Qxc3 32. bxc3 Bc8 33. h3 Rb3
34. Rea2 g6 35. g4 Kg7 36. Ra3 Rb8 37. Kf1 h5 38. f3 Rfb7 39. Kg2 Rb2+ 40. Kg3
g5 41. Ng2 h4+ 42. Kh2 Rf2 43. R3a2 Rbb2 44. Rxb2 Rxb2 45. Kg1 Bd6 46. Nge3 Kf7
47. Nf5 Bb8 $11 48. Ra5 Rb1+ 49. Kf2 Rb2+ 50. Ke3 Rh2 51. Rxc5 Ba7 52. Nd6+ Kf8
53. Nxc8 Bxc5+ 54. Kd3 Kf7 55. Ncb6 Rxh3 56. Nd7 Be7 57. c5 Rxf3+ 58. Ke2 Rg3
59. c6 Bd6 60. Ne3 h3 61. Nf5 Rg2+ 62. Kf1 Bc7 63. c4 Rd2 64. Kg1 a5 65. c5 a4
66. Nd6+ Bxd6 67. cxd6 Rxd6 68. Nb8 Rd1+ 0-1

[Event "98th YMCA Autumn C"]
[Site "Warszawa"]
[Date "2011.09.20"]
[Round "1"]
[White "Kurowski, Andrzej"]
[Black "Harazinska, Ewa"]
[Result "0-1"]
[WhiteElo "1844"]
[BlackElo "1798"]
[PlyCount "64"]
[EventDate "2011.09.20"]
[EventType "tourn"]
[EventRounds "1"]
[EventCountry "POL"]
[SourceDate "2011.09.20"]

1. d4 Nf6 2. c4 e6 3. Nf3 b6 4. a3 Bb7 5. Nc3 Be7 6. Bg5 d5 7. e3 O-O 8. Bd3
dxc4 9. Bxc4 Ne4 10. Bf4 Bd6 11. Ne5 Nd7 12. Nxe4 Bxe4 13. O-O Bxe5 14. dxe5
Qe7 15. Qg4 Qc5 16. Ba2 Nxe5 17. Qg3 Nd3 18. Bxc7 e5 19. Qg4 Bxg2 20. Qxg2 Qxc7
21. Qe4 Nc5 22. Rac1 Qe7 23. Qg4 Kh8 24. Qc4 f5 25. b4 Ne4 26. Qc7 Qg5+ 27. Kh1
Qh5 28. Qxe5 Qf3+ 29. Kg1 Rf6 30. Bf7 Rxf7 31. Qd5 Ng5 32. Qxa8+ Qxa8 0-1

[Event "98th YMCA Autumn C"]
[Site "Warszawa"]
[Date "2011.09.27"]
[Round "2"]
[White "Worobiej, Daniel"]
[Black "Harazinska, Ewa"]
[Result "0-1"]
[WhiteElo "1800"]
[BlackElo "1798"]
[Annotator "M"]
[PlyCount "98"]
[EventDate "2011.09.20"]
[EventType "tourn"]
[EventRounds "1"]
[EventCountry "POL"]
[SourceDate "2011.09.20"]

1. e4 c5 2. Nf3 d6 3. Bb5+ Bd7 4. Bxd7+ Qxd7 5. O-O g6 6. c3 Bg7 7. d4 cxd4 8.
cxd4 Nf6 9. Nc3 O-O 10. Bg5 Nc6 11. Qd2 Rfd8 12. Rfe1 Ne8 13. Nd5 Nc7 14. Rac1
Ne6 15. Be3 Rac8 16. Nb4 Nxb4 17. Qxb4 b6 18. d5 Nc5 19. Red1 Rc7 20. Nd4 Rdc8
21. Nc6 Rb7 22. f3 h5 $11 23. Qa3 a5 24. b4 axb4 25. Qxb4 Ra8 26. Rc2 Ra4 27.
Qd2 Qe8 28. Rb1 Qa8 29. Bg5 f6 30. Be3 Qa6 31. Bxc5 bxc5 32. Rxb7 Qxb7 33. Rb2
Qd7 34. Rb8+ Kh7 35. Qb2 f5 36. Qb3 Ra6 37. Rb7 Qe8 38. Rxe7 Qf8 39. Re6 fxe4
40. Rxe4 Qf6 41. a4 Qf7 42. Re7 Qf6 43. Re4 Qf7 44. Re6 Qf5 45. Rxd6 Qf4 46.
Re6 Rxa4 47. Qe3 Ra1+ 48. Kf2 Qh4+ 49. Ke2 Qe1+ 0-1

[Event "98th YMCA Autumn C"]
[Site "Warszawa"]
[Date "2011.09.27"]
[Round "2"]
[White "Koziol, Pawel"]
[Black "Kurowski, Andrzej"]
[Result "1-0"]
[WhiteElo "1809"]
[BlackElo "1844"]
[PlyCount "41"]
[EventDate "2011.09.20"]
[EventType "tourn"]
[EventRounds "1"]
[EventCountry "POL"]
[SourceDate "2011.09.20"]

1. b3 d5 2. Bb2 c5 3. e3 Nc6 4. Bb5 Qb6 5. Qe2 a6 6. Bxc6+ Qxc6 7. f4 Nf6 8.
Nf3 Bg4 9. d3 e6 10. Nbd2 Be7 11. O-O O-O 12. h3 Bxf3 13. Nxf3 Nd7 14. e4 d4
15. Bc1 Rfe8 16. Bd2 b5 17. Ne5 Qc7 18. Qh5 g6 19. Qf3 f5 20. exf5 exf5 21.
Qd5+ 1-0

[Event "98th YMCA Autumn C"]
[Site "Warszawa"]
[Date "2011.09.27"]
[Round "2"]
[White "Kwiek, Janusz"]
[Black "Maciejewski, Andrzej"]
[Result "0-1"]
[WhiteElo "1750"]
[BlackElo "1772"]
[PlyCount "94"]
[EventDate "2011.09.20"]
[EventType "tourn"]
[EventRounds "1"]
[EventCountry "POL"]
[SourceDate "2011.09.20"]

1. Nf3 d5 2. d4 Nf6 3. c4 c6 4. cxd5 cxd5 5. Nc3 Nc6 6. e3 e6 7. Bd3 Bd6 8. O-O
O-O 9. Bd2 Bd7 10. Rc1 Rc8 11. a3 e5 12. dxe5 Bxe5 13. Nxe5 Nxe5 14. Be2 Bf5
15. Qb3 Nd3 16. Bxd3 Bxd3 17. Rfd1 Qd7 18. Be1 Bc4 19. Qb4 Rc6 20. a4 Rb6 21.
Qa3 Rb3 22. Qa1 Qe6 23. Rd4 h6 24. Rcd1 Rc8 25. R1d2 Ne4 26. Nxe4 dxe4 27. Rd8+
Kh7 28. Rxc8 Qxc8 29. Rd4 Bd3 30. Bc3 Qe6 31. Qd1 Rb6 32. h3 Qf5 33. Rd8 Rg6
34. g4 Qg5 35. Rd7 Qh4 36. Rxf7 Qxh3 37. Rf4 h5 38. Be5 hxg4 39. Rf7 Rg5 40.
Qc1 Rxe5 41. Rxg7+ Kxg7 42. Qc7+ Kf6 43. Qd6+ Kf7 44. Qd7+ Re7 45. Qf5+ Kg8 46.
Qg6+ Rg7 47. Qe8+ Kh7 0-1

[Event "98th YMCA Autumn C"]
[Site "Warszawa"]
[Date "2011.09.27"]
[Round "2"]
[White "Chomczyk, Marek"]
[Black "Szelejewski, Jan"]
[Result "1-0"]
[WhiteElo "1727"]
[BlackElo "1826"]
[PlyCount "75"]
[EventDate "2011.09.20"]
[EventType "tourn"]
[EventRounds "1"]
[EventCountry "POL"]
[SourceDate "2011.09.20"]

1. e4 c5 2. Nf3 d6 3. d4 cxd4 4. Nxd4 Nf6 5. Nc3 a6 6. f3 e6 7. Be3 b5 8. Qd2
Nbd7 9. g4 b4 10. Nce2 h6 11. O-O-O d5 12. g5 hxg5 13. Bxg5 Bb7 14. Ng3 Qc7 15.
Bg2 Rc8 16. Kb1 a5 17. exd5 Bxd5 18. f4 Bc5 19. Bxd5 Nxd5 20. Qe2 Bxd4 21. Rxd4
Qc6 22. f5 e5 23. Rhd1 N5b6 24. Qxe5+ Kf8 25. Qe2 f6 26. Bf4 Kf7 27. Rd6 Qc4
28. Rxd7+ Nxd7 29. Rxd7+ Kg8 30. Rd8+ Kf7 31. Qxc4+ Rxc4 32. Rxh8 Rxf4 33. b3
Rf2 34. Kb2 g6 35. Rh7+ Kg8 36. fxg6 f5 37. Nh5 Kf8 38. Nf6 1-0

[Event "98th YMCA Autumn C"]
[Site "Warszawa"]
[Date "2011.09.27"]
[Round "2"]
[White "Krzyzanowski, Antoni"]
[Black "Szukalski, Antoni"]
[Result "1-0"]
[WhiteElo "1743"]
[BlackElo "1846"]
[PlyCount "63"]
[EventDate "2011.09.20"]
[EventType "tourn"]
[EventRounds "1"]
[EventCountry "POL"]
[SourceDate "2011.09.20"]

1. e4 e5 2. Nf3 Nc6 3. Bc4 Bc5 4. b4 Bxb4 5. c3 Be7 6. d4 Nf6 7. dxe5 Ng4 8.
Qd5 Rf8 9. h3 Nh6 10. Nd4 Nxd4 11. Qxd4 Ng8 12. O-O b6 13. Na3 Bb7 14. Nb5 Bc5
15. Qd3 Ne7 16. Bg5 h6 17. Bh4 a6 18. Nd6+ cxd6 19. exd6 g5 20. dxe7 Qxe7 21.
Bg3 b5 22. Bd5 Bc6 23. a4 bxa4 24. Bxc6 dxc6 25. Rxa4 a5 26. e5 f5 27. exf6
Rxf6 28. Re4 Re6 29. Rfe1 Rd8 30. Qc4 Rd1 31. Rxd1 Rxe4 32. Qg8+ 1-0

[Event "98th YMCA Autumn C"]
[Site "Warszawa"]
[Date "2011.09.28"]
[Round "2"]
[White "Sawicki, Wojciech"]
[Black "Prus, Marek"]
[Result "0-1"]
[WhiteElo "1759"]
[BlackElo "1782"]
[PlyCount "78"]
[EventDate "2011.09.20"]
[EventType "tourn"]
[EventRounds "1"]
[EventCountry "POL"]
[SourceDate "2011.09.20"]

1. e4 e5 2. Nf3 Nc6 3. Bb5 Nge7 4. O-O g6 5. c3 Bg7 6. d4 exd4 7. cxd4 d5 8.
exd5 Nxd5 9. Bg5 Qd6 10. Re1+ Be6 11. Nbd2 O-O 12. Ne4 Qb4 13. Bxc6 bxc6 14.
Qc1 Rfe8 15. h3 Bf5 16. Bd2 Qb5 17. Nc5 h5 18. Ne5 Rad8 19. a4 Qb6 20. Ra3 a5
21. Rb3 Nb4 22. Bxb4 axb4 23. Qc4 Be6 24. Nxe6 Rxe6 25. Rxb4 Qa5 26. f4 Bf8 27.
Rc1 Qxb4 28. Qxb4 Bxb4 29. Nxc6 Rxc6 30. Rxc6 Rxd4 31. Rxc7 Rxf4 32. b3 Kg7 33.
Rb7 h4 34. Rb5 Be1 35. a5 Bf2+ 36. Kf1 Bg3+ 37. Ke2 Rf2+ 38. Ke3 Rxg2 39. a6
Ra2 0-1

[Event "98th YMCA Autumn C"]
[Site "Warszawa"]
[Date "2011.10.04"]
[Round "3"]
[White "Wrabel, Antoni"]
[Black "Sawicki, Wojciech"]
[Result "1/2-1/2"]
[WhiteElo "1717"]
[BlackElo "1759"]
[Annotator "M"]
[PlyCount "101"]
[EventDate "2011.09.20"]
[EventType "tourn"]
[EventRounds "1"]
[EventCountry "POL"]
[SourceDate "2011.09.20"]

1. e4 e5 2. Nf3 Nc6 3. Bb5 a6 4. Ba4 Nf6 5. Qe2 b5 6. Bb3 Be7 7. O-O O-O 8. c3
d5 9. d3 Bb7 10. Nbd2 Re8 11. Re1 Bf8 12. a3 Na5 13. Ba2 c5 14. b4 Nc6 15. exd5
Nxd5 16. Ne4 cxb4 17. Nfg5 h6 18. Qf3 Re7 19. Bxd5 hxg5 20. Nxg5 Qd6 21. Nxf7
Qxd5 22. Nh6+ Kh8 23. Qxd5 gxh6 24. Bb2 Nd4 25. Qa2 b3 26. Qb1 Nc2 27. Re2 Nxa1
28. Bxa1 Bd5 29. c4 bxc4 30. Rxe5 Rxe5 31. Bxe5+ Bg7 32. Qb2 Rg8 33. dxc4 Bxg2
34. f4 Bd5 35. Kf2 Bxc4 36. Ke3 Re8 37. Kd4 Bxe5+ 38. fxe5 Be6 39. Qf2 Rd8+ 40.
Kc3 Rc8+ 41. Kb4 $11 Rb8+ 42. Kc3 b2 43. Qf6+ Kh7 44. Qxe6 b1=Q 45. Qf7+ Kh8
46. Qf6+ Kg8 47. Qe6+ Kf8 48. Qf6+ Ke8 49. Qe6+ Kd8 50. Qd6+ Kc8 51. Qc6+ $11
1/2-1/2

[Event "98th YMCA Autumn C"]
[Site "Warszawa"]
[Date "2011.10.04"]
[Round "3"]
[White "Szukalski, Antoni"]
[Black "Palka, Dominika"]
[Result "1/2-1/2"]
[WhiteElo "1846"]
[BlackElo "1793"]
[Annotator "M"]
[PlyCount "56"]
[EventDate "2011.09.20"]
[EventType "tourn"]
[EventRounds "1"]
[EventCountry "POL"]
[SourceDate "2011.09.20"]

1. e4 e5 2. Nf3 Nc6 3. d4 exd4 4. Nxd4 Nf6 5. Nxc6 bxc6 6. Bd3 d5 7. exd5 cxd5
8. O-O Be7 9. Nc3 c6 10. Re1 O-O 11. Ne2 Bc5 12. h3 Qb6 13. Rf1 Re8 14. Nc3 Qc7
15. Qf3 Nd7 16. Bf4 Bd6 17. Bxd6 Qxd6 18. Rfe1 Bb7 19. a3 Qf6 20. Qxf6 Nxf6 21.
f3 a5 22. Kf2 g6 23. Rxe8+ Rxe8 24. Re1 Kf8 25. Rxe8+ Kxe8 26. g4 Ke7 27. h4
Nd7 28. f4 Kd6 $11 1/2-1/2

[Event "98th YMCA Autumn C"]
[Site "Warszawa"]
[Date "2011.10.04"]
[Round "3"]
[White "Szelejewski, Jan"]
[Black "Krzyzanowski, Antoni"]
[Result "0-1"]
[WhiteElo "1826"]
[BlackElo "1743"]
[PlyCount "78"]
[EventDate "2011.09.20"]
[EventType "tourn"]
[EventRounds "1"]
[EventCountry "POL"]
[SourceDate "2011.09.20"]

1. e4 e6 2. d4 d5 3. Nc3 Nf6 4. Bg5 dxe4 5. Nxe4 Be7 6. Bxf6 gxf6 7. Nf3 f5 8.
Ng3 a6 9. Bc4 b5 10. Bb3 Bb7 11. c3 Qd6 12. Qe2 Nd7 13. a4 c6 14. Ne5 Nxe5 15.
dxe5 Qd7 16. Rd1 Qc7 17. O-O h5 18. Nxh5 c5 19. f4 c4 20. Bc2 Bc5+ 21. Kh1 Ke7
22. Nf6 Bc6 23. axb5 axb5 24. Rd2 Rh6 25. Qe1 Rah8 26. Qg3 Rg6 27. Qe1 Qb7 28.
Rg1 Qa8 29. Bd1 Bxg1 30. Qxg1 Kf8 31. Nh5 Kg8 32. Nf6+ Kg7 33. Nh5+ Kh6 34. Nf6
Rd8 35. Qe1 Bxg2+ 36. Kg1 Bh3+ 37. Bg4 Bxg4 38. Rg2 Bh5 39. Rxg6+ Bxg6 0-1

[Event "98th YMCA Autumn C"]
[Site "Warszawa"]
[Date "2011.09.30"]
[Round "3"]
[White "Maciejewski, Andrzej"]
[Black "Chomczyk, Marek"]
[Result "0-1"]
[WhiteElo "1772"]
[BlackElo "1727"]
[PlyCount "70"]
[EventDate "2011.09.20"]
[EventType "tourn"]
[EventRounds "1"]
[EventCountry "POL"]
[SourceDate "2011.09.20"]

1. e4 e5 2. Nf3 Nc6 3. Bb5 a6 4. Ba4 d6 5. O-O Nf6 6. Re1 Be7 7. d4 b5 8. Bb3
Nxd4 9. Nxd4 exd4 10. a4 Bb7 11. Qd3 O-O 12. axb5 axb5 13. Rxa8 Qxa8 14. f3 Qa5
15. Bd2 Qb6 16. Na3 Ba6 17. Bg5 c5 18. Qd2 c4 19. Ba2 Rc8 20. Kh1 b4 21. e5
dxe5 22. Rxe5 Bd6 23. Bxf6 Bxe5 24. Bxe5 bxa3 25. Bxd4 Rd8 26. c3 Qxb2 27. Qxb2
axb2 28. Kg1 Bb5 29. Kf2 Ra8 30. Bb1 Ra1 31. Bc2 b1=R 32. Bxb1 Rxb1 33. Be5 f6
34. Bd4 Rb2+ 35. Kg3 Kf7 0-1

[Event "98th YMCA Autumn C"]
[Site "Warszawa"]
[Date "2011.10.04"]
[Round "3"]
[White "Kurowski, Andrzej"]
[Black "Kwiek, Janusz"]
[Result "1-0"]
[WhiteElo "1844"]
[BlackElo "1750"]
[PlyCount "127"]
[EventDate "2011.09.20"]
[EventType "tourn"]
[EventRounds "1"]
[EventCountry "POL"]
[SourceDate "2011.09.20"]

1. Nf3 d5 2. d4 Nf6 3. c4 e6 4. Nc3 Be7 5. Bg5 O-O 6. e3 h6 7. Bxf6 Bxf6 8. Bd3
dxc4 9. Bxc4 Nd7 10. O-O Nb6 11. Bd3 Qe7 12. Rc1 Bd7 13. Ne4 Rfc8 14. Nc5 Rab8
15. b4 Qe8 16. Qb3 Bb5 17. Bxb5 Qxb5 18. Rfd1 Qe8 19. a4 c6 20. a5 Nd5 21. g3
Rd8 22. a6 bxa6 23. Nxa6 Rb6 24. Qa4 Rc8 25. e4 Nc7 26. Nc5 Nb5 27. Kg2 Rd8 28.
e5 Be7 29. Qc2 Rd5 30. Na4 Ra6 31. Nc5 Bxc5 32. dxc5 Qd7 33. Ra1 Rxa1 34. Rxa1
Rd3 35. Qc4 Qd5 36. Qxd5 exd5 37. e6 fxe6 38. Ne5 Rb3 39. Nxc6 d4 40. Ra5 d3
41. Rxb5 a5 42. Nxa5 d2 43. Rb8+ Kf7 44. Rd8 Rxb4 45. c6 Rb2 46. Nc4 Rc2 47.
Ne5+ Kf6 48. Nf3 Rxc6 49. Rxd2 Ra6 50. h4 g6 51. Rd7 h5 52. Ng5 Rb6 53. Rf7+
Ke5 54. Nf3+ Ke4 55. Rf6 g5 56. Nxg5+ Ke5 57. Rh6 Kf5 58. Rxh5 Kg6 59. Rh8 e5
60. Re8 Kf6 61. Re6+ Rxe6 62. Nxe6 Kxe6 63. Kf3 Kf7 64. Ke4 1-0

[Event "98th YMCA Autumn C"]
[Site "Warszawa"]
[Date "2011.10.04"]
[Round "3"]
[White "Harazinska, Ewa"]
[Black "Koziol, Pawel"]
[Result "1-0"]
[WhiteElo "1798"]
[BlackElo "1809"]
[Annotator "M"]
[PlyCount "91"]
[EventDate "2011.09.20"]
[EventType "tourn"]
[EventRounds "1"]
[EventCountry "POL"]
[SourceDate "2011.09.20"]

1. d4 c5 2. d5 e5 3. c4 d6 4. e4 g6 5. Bd3 Bg7 6. Ne2 Nd7 7. O-O Ne7 8. Nbc3
O-O 9. a3 f5 10. f3 f4 11. Kh1 g5 12. b4 b6 13. Bd2 Rf7 14. Na4 Bf8 15. bxc5
bxc5 16. Qe1 Ng6 17. Ba5 Qe8 18. Nec3 Nf6 19. Nb5 g4 20. Bc2 gxf3 21. gxf3 Bh3
22. Nc7 Rxc7 23. Bxc7 Qe7 24. Ba5 Kh8 25. Rg1 Ng8 26. Qf2 Bg7 27. Bd3 Nh6 28.
Bf1 Bd7 29. Nc3 Bf6 30. Rb1 Bh4 31. Qe2 Nf7 32. Rb7 Qe8 33. Bg2 Bd8 34. Bxd8
Qxd8 35. Nb5 a6 36. Na7 Ng5 37. Nc6 Qc8 38. Rgb1 Bxc6 $11 39. dxc6 Qxc6 40. Qd1
Rf8 41. R1b6 Qc8 42. Qxd6 Nxe4 43. Rxh7+ Kxh7 44. Qxg6+ Kh8 45. Qh5+ Kg8 46.
Rg6+ 1-0

[Event "98th YMCA Autumn C"]
[Site "Warszawa"]
[Date "2011.10.11"]
[Round "4"]
[White "Worobiej, Daniel"]
[Black "Koziol, Pawel"]
[Result "1/2-1/2"]
[WhiteElo "1800"]
[BlackElo "1809"]
[Annotator "M"]
[PlyCount "74"]
[EventDate "2011.09.20"]
[EventType "tourn"]
[EventRounds "1"]
[EventCountry "POL"]
[SourceDate "2011.09.20"]

1. e4 g6 2. d4 Bg7 3. Nc3 d6 4. f4 Nc6 5. Nf3 Bg4 6. Bb5 a6 7. Bxc6+ bxc6 8. h3
Bxf3 9. gxf3 e5 10. dxe5 Qh4+ 11. Ke2 dxe5 12. Qe1 Qe7 13. fxe5 Qxe5 14. Be3
Nf6 15. Rd1 $11 Nh5 16. Bd4 Ng3+ 17. Kf2 Nxh1+ 18. Qxh1 Qxd4+ 19. Rxd4 Bxd4+
20. Ke2 Bxc3 21. bxc3 O-O-O 22. Qg1 Kb7 23. Qc5 Rd6 24. Qb4+ Kc8 25. Qc4 Rhd8
26. Qxf7 Rd2+ 27. Ke3 R8d7 28. Qc4 Kb7 29. Kf4 Rf2 30. e5 g5+ 31. Kg4 h5+ 32.
Kxg5 Rxf3 33. Qb4+ Ka7 34. Kxh5 Rxh3+ 35. Kg4 Rhh7 36. Kf5 Rd5 37. Kg6 Rh8 $11
1/2-1/2

[Event "98th YMCA Autumn C"]
[Site "Warszawa"]
[Date "2011.10.07"]
[Round "4"]
[White "Kwiek, Janusz"]
[Black "Harazinska, Ewa"]
[Result "0-1"]
[WhiteElo "1750"]
[BlackElo "1798"]
[PlyCount "110"]
[EventDate "2011.09.20"]
[EventType "tourn"]
[EventRounds "1"]
[EventCountry "POL"]
[SourceDate "2011.09.20"]

1. Nf3 Nf6 2. d4 e6 3. c4 b6 4. Nc3 Bb7 5. e3 Be7 6. Be2 O-O 7. O-O d5 8. cxd5
exd5 9. Bd2 Nbd7 10. Rc1 Ne4 11. Qb3 Nxd2 12. Nxd2 Nf6 13. Rc2 c6 14. Rfc1 Bc8
15. Na4 Bd7 16. Bf3 Rc8 17. Nc3 Bf5 18. e4 dxe4 19. Ncxe4 Qxd4 20. Rc4 Qd7 21.
Nxf6+ Bxf6 22. Ne4 Be6 23. Nxf6+ gxf6 24. Bxc6 Qd6 25. Qf3 Bxc4 26. Rxc4 Rfd8
27. g3 Qd1+ 28. Kg2 Qxf3+ 29. Kxf3 Rd2 30. Rg4+ Kf8 31. Be4 h5 32. Rf4 Ke7 33.
Bf5 Rc5 34. Re4+ Re5 35. Rxe5+ fxe5 36. g4 h4 37. a4 Rxb2 38. Bd3 Rb4 39. Bb5
Rf4+ 40. Ke3 Rxg4 41. h3 Rb4 42. f3 f5 43. Kd3 Rb3+ 44. Ke2 Kd6 45. Be8 a6 46.
Bg6 Ke6 47. Be8 b5 48. axb5 axb5 49. Bc6 b4 50. Kd2 Rb1 51. Kc2 Rh1 52. Kb3
Rxh3 53. Kxb4 Rg3 54. Kc4 h3 55. f4 e4 0-1

[Event "98th YMCA Autumn C"]
[Site "Warszawa"]
[Date "2011.10.11"]
[Round "4"]
[White "Chomczyk, Marek"]
[Black "Kurowski, Andrzej"]
[Result "1-0"]
[WhiteElo "1727"]
[BlackElo "1844"]
[PlyCount "129"]
[EventDate "2011.09.20"]
[EventType "tourn"]
[EventRounds "1"]
[EventCountry "POL"]
[SourceDate "2011.09.20"]

1. e4 e6 2. d4 d5 3. exd5 exd5 4. Nf3 Nf6 5. h3 Be7 6. Bd3 O-O 7. O-O c5 8.
dxc5 Bxc5 9. Nc3 Be6 10. Bg5 Nbd7 11. a3 Rc8 12. Qd2 Be7 13. Rfe1 Nc5 14. Be3
Qd7 15. Bb5 Qc7 16. Nd4 Nce4 17. Nxe4 Nxe4 18. Qe2 Bf6 19. Bd3 Nc5 20. Nxe6
Nxe6 21. Qh5 g6 22. Qxd5 Bxb2 23. Rab1 Rfd8 24. Qe4 Bxa3 25. Rxb7 Qc3 26. Bxa7
Bc5 27. Reb1 Qa3 28. Qf3 Rf8 29. Bxc5 Nxc5 30. R7b5 Nxd3 31. Qxd3 Rc3 32. Qe4
Rfc8 33. Rb8 Qa2 34. R1b2 Qa1+ 35. Kh2 Qa5 36. Rxc8+ Rxc8 37. Qf4 Qc7 38. Qxc7
Rxc7 39. Kg3 Kg7 40. Kf3 Kf6 41. Ke3 Ke5 42. Rb5+ Kd6 43. Kd3 Kc6 44. Rb4 Rd7+
45. Rd4 Ra7 46. Rf4 f5 47. g4 fxg4 48. hxg4 Rd7+ 49. Kc4 Rd2 50. Rf6+ Kd7 51.
c3 Ke7 52. g5 Re2 53. f3 Re5 54. f4 Re1 55. Kc5 Rc1 56. c4 Rf1 57. Kc6 Rc1 58.
c5 Rb1 59. Kc7 Rb5 60. c6 Rb4 61. Kc8 Rb6 62. c7 Rb4 63. Ra6 Rc4 64. Kb7 Rb4+
65. Rb6 1-0

[Event "98th YMCA Autumn C"]
[Site "Warszawa"]
[Date "2011.10.11"]
[Round "4"]
[White "Krzyzanowski, Antoni"]
[Black "Maciejewski, Andrzej"]
[Result "1-0"]
[WhiteElo "1743"]
[BlackElo "1772"]
[PlyCount "103"]
[EventDate "2011.09.20"]
[EventType "tourn"]
[EventRounds "1"]
[EventCountry "POL"]
[SourceDate "2011.09.20"]

1. e4 c5 2. d4 cxd4 3. Nf3 Nc6 4. c3 dxc3 5. Nxc3 d6 6. Bc4 e6 7. O-O Be7 8.
Be3 Nf6 9. Ng5 h6 10. Nh3 O-O 11. Bb3 Na5 12. f4 Nxb3 13. axb3 d5 14. e5 Nd7
15. Kh1 a6 16. Qh5 Nc5 17. Bxc5 Bxc5 18. Rf3 Kh7 19. Ng5+ Kg8 20. Rh3 f6 21.
Qg6 hxg5 22. fxg5 f5 23. Qh7+ Kf7 24. g6+ Ke8 25. Qxg7 Qe7 26. Qh6 Rg8 27. Nb5
Rb8 28. Nd6+ Bxd6 29. exd6 Qxd6 30. Qh7 Qf8 31. Qc7 Ra8 32. Rh7 Rxg6 33. Rc1
Qf6 34. Qxc8+ Rxc8 35. Rxc8+ Qd8 36. Rh8+ Ke7 37. Rcxd8 Rg4 38. h4 f4 39. h5 e5
40. h6 d4 41. Kg1 f3 42. h7 Rxg2+ 43. Kf1 Rh2 44. Rhe8+ Kf6 45. h8=Q+ Rxh8 46.
Rxh8 Kf5 47. Rhf8+ Ke4 48. Kf2 a5 49. Rxf3 a4 50. bxa4 b5 51. a5 b4 52. Rb3 1-0